[Event "4NCL-chT rapid"]
[Site "Daventry"]
[Date "2014.10.04"]
[Round "2.2"]
[White "Mossong, Hubert"]
[Black "Buchicchio, Giampaolo"]
[Result "1/2-1/2"]
[WhiteElo "2094"]
[BlackElo "2295"]
[PlyCount "99"]
[EventDate "2014.10.04"]
[EventType "team-swiss (rapid)"]
[EventRounds "7"]
[EventCountry "ENG"]
[SourceTitle "CBM 162 Extra"]
[Source "ChessBase"]
[SourceDate "2014.10.17"]
[SourceVersion "1"]
[SourceVersionDate "2014.10.17"]
[SourceQuality "1"]
[WhiteTeam "Leeds University Old Boys"]
[BlackTeam "Barbican II"]
[WhiteTeamCountry "ENG"]
[BlackTeamCountry "ENG"]

1. e4 c5 2. Nc3 Nc6 3. Bb5 Nd4 4. Nge2 g6 5. Nxd4 cxd4 6. Ne2 Bg7 7. c3 a6 8. Bd3 dxc3 9. dxc3 d6 10. Be3 Nf6 11. f3 0-0 12. Qc2 Qc7 13. Rd1 d5 14. 0-0 dxe4 15. Bxe4 Nxe4 16. Qxe4 Be6 17. b3 Bf5 18. Qb4 e5 19. Qb6 Rfc8 20. c4 Bf8 21. Nc3 Qb8 22. Na4 Rc6 23. Qa5 b5 24. Nb2 e4 25. fxe4 Bxe4 26. Qd2 Qb7 27. Rf2 Rd6 28. Qe2 Rad8 29. Rdf1 R6d7 30. c5 Re8 31. Rf6 Bg7 32. Rb6 Qa8 33. Qf2 Bxg2 34. Qxg2 Qxg2+ 35. Kxg2 Rxe3 36. Nd1 Re2+ 37. Rf2 Re8 38. Nb2 Bd4 39. Rc2 Rc7 40. Nd3 Re3 41. Rd2 Bxc5 42. Nxc5 Rxc5 43. Rxa6 Kg7 44. Ra7 h5 45. Rf2 Rg5+ 46. Kf1 Rge5 47. Rfxf7+ Kh6 48. h4 Re1+ 49. Kf2 R1e2+ 50. Kf1 1/2-1/2